000 00957nam a22002537a 4500
005 20170123162351.0
010 _aB-012625
020 _c350.00
_a8186232826
035 _aB-012625
037 _bCen Lib / Ret
040 _aDPL
_bUR
082 _a841
_bم ح م
100 _aپرویز، صلآلدّین
_9673
245 _a: دشتِ تحّرات
_cصلآلدّین پرویز
_b/ 1985-1998 تک کی نظموں کا انتخاب
246 _aDasht-e-tahiyyuraat: 1985-1998 tak ki nazmoon ka intkhab /
_bby Salahuddin Pervez
260 _aدلہی
_bایجوکیشنل پبلشنگ ہاؤس
_c1999
270 _a3108-گلی عزیزددن وکل کنک پندت لال کاں
_bدلہی
_e110006
300 _a527p.
_c23cm (Hb)
650 _aاردوادب
_9137164
650 _aاردو شاعری
_9137165
650 _aUrdu Literature
_9137166
650 _aUrdu Poetry
_9137167
942 _2ddc
_cUR
_h841
_mم ح م
999 _c109281
_d109281